000
00319nam a22001217a 4500
008
150528b xxu||||| |||| 00| 0 eng d
020
_a
9780071633444
020
_a
0077633448
041
0
_a
eng
080
_a
004
245
1
0
_a
Dynamic web programming :
_c
Marty Matthews, John Cronan.
942
_2
udc
_c
BK
999
_c
916
_d
916